Experimentovanie v prostredí STELLA a IDMC návody na využitie kvalitatívnych virtuálnych experimentov vo výskume a výučbe na Ekonomickej univerzite v Bratislave

Bibliographic Details
Main Author: Andrášik, Ladislav, 1939- (Author)
Format: Book
Language:Slovak
Published: Bratislava Ekonóm 2013
Edition:1. vyd.
Subjects:

MARC

LEADER 00000nam a2200000 a 4500
001 vtls010499918
003 SK-MaSNL
005 20260301133131.0
008 240314s2013 xo a n 000 0 slo
015 |a SNBA2013/04 
020 |a 9788022535298  |q (brož.) 
035 |a D6EA8E78-BB90-47B9-B441-31724E9D4018 
035 |a urn:nbn:sk:snk-amk0hm 
035 |a urn:nbn:sk:snk-am00883g 
040 |a SNK  |b slo  |c SNK  |e AACR2 
041 0 |a slo 
044 |a xo  |c SK 
072 7 |a 004  |x Počítačová veda. Výpočtová technika. Informačné technológie  |2 konspekt 
072 7 |a 004.4/.6  |x Programovanie. Softvér  |2 konspekt 
072 7 |a 33  |x Ekonómia  |2 konspekt 
080 |a 004.4  |2 2001 
080 |a 004.94  |2 2001 
080 |a 517.938  |2 2001 
080 |a 33  |2 2001 
080 |a (035)  |2 2001 
100 1 |a Andrášik, Ladislav,  |d 1939-  |4 aut  |9 19000 
245 1 0 |a Experimentovanie v prostredí STELLA a IDMC  |b návody na využitie kvalitatívnych virtuálnych experimentov vo výskume a výučbe na Ekonomickej univerzite v Bratislave  |c Ladislav Andrášik 
250 |a 1. vyd. 
260 |a Bratislava  |b Ekonóm  |c 2013 
300 |a 194 s.  |b grafy, obr., tab.  |c 29 cm 
366 |e 100 výt. 
500 |a Vydané pre Ekonomickú univerzitu v Bratislave 
504 |a Bibliogr. s. 192-194 
610 2 7 |a Ekonomická univerzita v Bratislave  |2 SNKKA  |9 78770 
650 0 7 |a ekonómia  |2 SNKPH  |9 788 
650 0 7 |a modelovanie a simulácia  |2 SNKPH  |9 3666 
650 0 7 |a dynamické modelovanie  |2 SNKPH  |9 72945 
650 0 7 |a informačné technológie  |2 SNKPH  |9 1527 
650 0 7 |a virtuálna komunikácia  |2 SNKPH  |9 483683 
650 0 7 |a STELLA (softvér)  |2 SNKPH  |9 485046 
650 0 7 |a Economics  |2 SNKPHeng  |9 265310 
650 0 7 |a Modeling and simulation  |2 SNKPHeng  |9 303246 
650 0 7 |a Dynamical systems  |2 SNKPHeng  |9 277410 
650 0 7 |a Information technology  |2 SNKPHeng  |9 266458 
650 0 7 |a Virtual communication  |2 SNKPHeng  |9 485047 
655 7 |a príručky  |2 SNKPH  |9 74364 
655 7 |a Handbooks, manuals, etc.  |2 SNKPHeng  |9 90964 
710 2 |a Ekonomická univerzita v Bratislave  |4 pbl  |9 78770 
919 |a 978-80-225-3529-8 
958 |a NB 
999 |c 752921  |d 754851 
952 |a SNK  |b SNK  |y PREZ  |7 0  |p 17A1066092  |o snkSB 84755  |i snk2013/7263  |8 0  |0 0  |1 0  |4 0  |d 2013-03-27  |f 1  |l 0  |r 2025-05-07 00:00:00  |w 2026-02-23 
952 |a SNK  |b SNK  |y VYP  |7 0  |p 17A1066093  |o snkSB 84755 D1  |i snk2013/7264  |8 0  |0 0  |1 0  |4 0  |d 2013-03-27  |l 0  |r 2026-02-23 23:38:27  |w 2026-02-23